La caverna
Guardado en:
| Autor principal: | |
|---|---|
| Formato: | Libro |
| Lenguaje: | español |
| Publicado: |
Bogotá
Aguilar
2004
|
| Colección: | Punto de Lectura, 8
|
| Materias: | |
| Etiquetas: |
Agregar Etiqueta
Sin Etiquetas, Sea el primero en etiquetar este registro!
|
MARC
| LEADER | 00000nam a2200000 a 4500 | ||
|---|---|---|---|
| 001 | UCK3964 | ||
| 003 | CL-VaPUC | ||
| 008 | 050513e20040000CK |||||||||||||||||spa|d | ||
| 020 | |a 9587042417 | ||
| 082 | 0 | 4 | |a 869.03 |b SAR |2 21 |
| 100 | 0 | |a Saramago, José |e author |9 492369 | |
| 245 | 1 | 3 | |a La caverna |
| 300 | |a 441 p | ||
| 942 | |c BK | ||
| 945 | |d 20050513 00:00:00 |a jcarroza | ||
| 260 | |a Bogotá |b Aguilar |c 2004 | ||
| 650 | 7 | |a NOVELAS PORTUGUESAS |2 CL-VaPUC |9 338718 | |
| 650 | 7 | |a LITERATURA PORTUGUESA |2 CL-VaPUC |9 370842 | |
| 583 | |a last modification |c 20050513 00:00:00 |k Rodrigo Vera | ||
| 490 | 0 | |a Punto de Lectura, 8 | |
| 999 | |c 313006 |d 313004 | ||
| 952 | |0 0 |1 0 |4 0 |6 869_030000000000000_SAR_2004 |7 0 |8 A |9 384029 |a BIBEDU |b BIBEDU |d 2019-11-22 |i 412457K |o 869.03 SAR 2004 |p 412457K |r 2019-11-22 |w 2019-11-22 |y BK |k PSI | ||
| 952 | |0 0 |1 0 |4 0 |6 869_030000000000000_SAR_2004 |7 0 |8 A |9 384030 |a BIBEDU |b BIBEDU |d 2019-11-22 |i 4140761 |o 869.03 SAR 2004 |p 4140761 |r 2019-11-22 |w 2019-11-22 |y BK |k PSI | ||
| 952 | |0 0 |1 0 |4 0 |6 869_030000000000000_SAR_2004 |7 0 |8 A |9 384031 |a BIBEDU |b BIBEDU |d 2019-11-22 |i 4169956 |o 869.03 SAR 2004 |p 4169956 |r 2019-11-22 |w 2019-11-22 |y BK |k PSI | ||